000 00395nmm a2200145Ia 4500
008 251105s9999||||xx |||||||||||||||||und||
041 _aspa
100 _aQuick, Amanda
245 0 _aEl jardín de las mentiras
264 _a[Madrid, España] :
_bEdiciones B,
_c2016
300 _a290 páginas
650 _aRomance
856 _uhttps://public.digitaliapublishing.com/a/54376
942 _cCF
999 _c106025
_d106025